| 000 | 00957cam a22002413a 4500 | ||
|---|---|---|---|
| 001 | 3026 | ||
| 003 | PGUSA | ||
| 005 | 20140828083024.0 | ||
| 008 | 020101s2002||||xxu|||||s|||||000 p eng d | ||
| 040 |
_aPGUSA _beng |
||
| 042 | _adc | ||
| 050 | 4 | _aPS | |
| 100 | 1 |
_aFrost, Robert, _d1874-1963 |
|
| 245 | 1 | 0 |
_aNorth of Boston _h[electronic resource] / _cRobert Frost |
| 260 |
_bProject Gutenberg, _c2002 |
||
| 505 | 0 | _aThe pasture -- Mending wall -- The death of the hired man -- The mountain -- A hundred collars -- Home burial -- The black cottage -- Blueberries -- A servant to servants -- After apple-picking -- The code -- The generations of men -- The housekeeper -- The fear -- The self-seeker -- The wood-pile -- Good hours. | |
| 506 | _aPublic domain in the USA. | ||
| 516 | _aElectronic text | ||
| 653 | _aAmerican poetry -- 20th century | ||
| 830 | 0 |
_aProject Gutenberg _v3026 |
|
| 856 | 4 | 0 | _uhttp://www.gutenberg.org/ebooks/3026 |
| 942 | _cEB | ||
| 999 |
_c232355 _d232355 |
||